Регионална библиотека "Любен Каравелов" - Русе

Историята на викингите (Запис номер 434237)

MARC детайли
000 -Лидер
Контролно поле с фиксирана дължина nam a22 a 4500
003 - Код на организацията, давaща контролен номер
Контролно поле BLK
005 - Дата и час на последна редакция
Контролно поле 20211020113402.0
008 - Елементи от данни с фиксирана дължина
fixed length control field 180407b bul|||||r ||||||| ||bul||
020 ## - Международен стандартен номер на книга ISBN
Международен стандартен номер на книга ISBN 9786191761753
040 ## - Източник на каталожния запис
Идентификатор на билиотеката - собственик на записа BLK
041 ## - Код за език
Код за езика на текст/звукозапис или на отделно заглавие Български
Код за езика КДБФ Български
080 ## - УДК
Текстов определител УДК История на Скандинавските страни
УДК код - определител по УДК 948
УДК определител :087.5
УДК - код + определител 948:087.5
139 ## - Редно поле
Редна дума Историята на викингите
240 ## - Унифицирано заглавие
Унифицирано заглавие Volsunga saga ok Ragnars saga Lođbrókar
245 10 - Сведения за заглавието
Заглавие Историята на викингите
Подзаглавни данни Сагата за Рагнар Лодброк
Редно поле (дума) прев. Никола Стойков
257 ## - Страна на издаване
Страна на създаване/издаване Великобритания
260 ## - Област на издателските данни
Място на издаване, разпространение и проч. София
Име на издателя, разпространителя и проч. Гутенберг
Година на издаване 2020
9 (RLIN) 218563
Издателство - префикс ISBN 978-619-176- ; 978-954-617-
300 ## - Физическа характеристика
Страници 96 с.
Размери/Мащаб 20 см
380 ## - Жанр
Жанр История
500 ## - Общи забележки
Забележка Ориг. загл.: Volsunga saga ok Ragnars saga Lođbrókar
650 #4 - Допълнително описание по предмет – тема
Основно описание – тема или топоним Викинги - история и култура
9 (RLIN) 150708
650 #4 - Допълнително описание по предмет – тема
Основно описание – тема или топоним Нормани - история и култура
9 (RLIN) 164336
653 ## - Ключова дума – ненормативна
Ключова дума викинги
700 ## - Други автори (авторска отговорност)
Лично име Стойков, Никола
Автороска отговорност (Описва отношението между автора и произведението) прев. от дат.
9 (RLIN) 1064
856 4# - Електронен адрес и достъп
Електронен формат pdf - файл
856 4# - Електронен адрес и достъп
Електронен формат pdf - файл
999 ## - СИСТЕМНИ КОНТРОЛНИ НОМЕРА
Koha biblionumber 434237
Koha biblioitemnumber 434237
942 ## - АРТИКУЛИ
Вид на библиотечния материал Книги
Скрит в OPAC Не
Периодичен библиозапис Да
944 ## - СЪЗДАВАНЕ И РЕДАКЦИЯ на ЗАПИСА
Създаване/Редакция Създаване
Дата на регистрацията/редакция 2021-10-20
Служител, извършил регистрацията/редакцията К.Д.
Наличности
Код за отписване Код за изгубен артикул Източник на класификационната схема Код за повреда Коз за рестрикции Код за отдаване Артикулен № Име на библиотеката - собственик Име на библиотеката, в която се намира в момента Статус (Текущо местоположение) Дата на вписване в системата Местоположение - отдел Цена в лева Систематично азбучна сигнатура Баркод Цена в евро Служебен тип на артикула
  Не е изгубен Universal Decimal Classification Не е повреден само за читалня ползва се в читалня 858038 Регионална библиотека "Любен Каравелов" Русе Регионална библиотека "Любен Каравелов" Русе Хранилище 2021-10-20 Хранилище 14.00 Цб 309482 120000860866 7.16 Книги
Vip Innovations Ltd, Rousse, Bulgaria 2025